[Event "July 23 Late 2024"]
[Site "Chess.com"]
[Date "2024.07.23"]
[Round "4.1"]
[White "Carlsen, Magnus"]
[Black "Vasquez Schroeder, Rodrigo"]
[Result "1-0"]
[WhiteElo "3242"]
[BlackElo "2885"]
[PlyCount "85"]
[EventDate "2024.??.??"]
[WhiteTeam "NOR"]
[BlackTeam "CHI"]
[TimeControl "180+1"]
[WhiteClock "0:00:44"]
[BlackClock "0:00:14"]

1. e4 {[%emt 0:00:02]} c5 {[%emt 0:00:03]} 2. Nf3 {[%emt 0:00:01]} d6 {[%emt 0:00:00]} 3. Bc4 {[%emt 0:00:01]} Nc6 {[%emt 0:00:02]} 4. O-O {[%emt 0:00:07]} Nf6 {[%emt 0:00:01]} 5. d3 {[%emt 0:00:00]} Bg4 {[%emt 0:00:02]} 6. h3 {[%emt 0:00:01]} Bh5 {[%emt 0:00:02]} 7. g4 {[%emt 0:00:02]} Bg6 {[%emt 0:00:01]} 8. Nh2 {[%emt 0:00:01]} e5 {[%emt 0:00:15]} 9. Nc3 {[%emt 0:00:04]} Be7 {[%emt 0:00:02]} 10. f4 {[%emt 0:00:01]} exf4 {[%emt 0:00:02]} 11. Bxf4 {[%emt 0:00:01]} Nd7 $146 {[%emt 0:00:02]} ({RR} 11... h5 12. g5 Nd7 13. h4 Nde5 14. Bb3 Qd7 15. Nd5 O-O-O 16. c3 Qh3 17. Bxe5 dxe5 18. Qe1 f6 19. Rf3 Qd7 20. gxf6 gxf6 21. Qf2 Bf7 22. Rf1 Be6 23. Kh1 Rhg8 24. Rg1 Rxg1+ 25. Qxg1 Bg4 26. Nxg4 {Aronian,L (2742)-Korobov,A (2663) chess.com INT 2023 1-0 (41)}) 12. Qd2 {[%emt 0:00:05]} Nde5 {[%emt 0:00:01]} 13. b3 {[%emt 0:00:11]} h6 {[%emt 0:00:03]} 14. Nd5 {[%emt 0:00:02]} Bg5 {[%emt 0:00:01]} 15. Nf3 {[%emt 0:00:02]} Nxf3+ {[%emt 0:00:13]} 16. Rxf3 {[%emt 0:00:01]} O-O {[%emt 0:00:06]} 17. Raf1 {[%emt 0:00:03]} Ne5 {[%emt 0:00:03]} 18. R3f2 {[%emt 0:00:04]} a6 {[%emt 0:00:06]} 19. a4 {[%emt 0:00:04]} Rb8 {[%emt 0:00:01]} 20. a5 {[%emt 0:00:05]} Nc6 {[%emt 0:00:08]} 21. Bxg5 {[%emt 0:00:05]} Qxg5 {[%emt 0:00:07]} 22. Qxg5 {[%emt 0:00:03]} hxg5 {[%emt 0:00:01]} 23. h4 {[%emt 0:00:13]} gxh4 {[%emt 0:00:06]} 24. g5 {[%emt 0:00:01]} Rfe8 {[%emt 0:00:07]} 25. Nf4 {[%emt 0:00:02]} Ne5 {[%emt 0:00:22]} 26. Bd5 {[%emt 0:00:04]} Re7 {[%emt 0:00:15]} 27. Rh2 {[%emt 0:00:10]} Bh7 {[%emt 0:00:08]} 28. Rxh4 {[%emt 0:00:05]} g6 {[%emt 0:00:05]} 29. Kf2 {[%emt 0:00:07]} Kg7 {[%emt 0:00:02]} 30. Rfh1 {[%emt 0:00:01]} Bg8 {[%emt 0:00:00]} 31. Ke3 {[%emt 0:00:06]} Nc6 {[%emt 0:00:01]} 32. Bc4 {[%emt 0:00:24]} Nd4 {[%emt 0:00:03]} 33. R4h2 {[%emt 0:00:08]} Re5 {[%emt 0:00:01]} 34. Rg2 {[%emt 0:00:02]} Nc6 {[%emt 0:00:02]} 35. Ra1 {[%emt 0:00:03]} Rbe8 {[%emt 0:00:01]} 36. Nd5 {[%emt 0:00:02]} Rd8 {[%emt 0:00:08]} 37. Nf6 {[%emt 0:00:04]} Nd4 {[%emt 0:00:08]} 38. c3 {[%emt 0:00:03]} Nc6 {[%emt 0:00:09]} 39. Kf4 {[%emt 0:00:05]} Re7 {[%emt 0:00:02]} 40. Rh2 {[%emt 0:00:05]} Rb8 {[%emt 0:00:18]} 41. Rah1 {[%emt 0:00:03]} Rd8 {[%emt 0:00:02]} 42. Bd5 {[%emt 0:00:03]} Rc8 {[%emt 0:00:07]} 43. Rh7+ {[%emt 0:00:03]} 1-0

[Event "July 23 Late 2024"]
[Site "Chess.com"]
[Date "2024.07.23"]
[Round "6.1"]
[White "Carlsen, Magnus"]
[Black "Erigaisi Arjun"]
[Result "1-0"]
[WhiteElo "3247"]
[BlackElo "3069"]
[PlyCount "57"]
[EventDate "2024.??.??"]
[WhiteTeam "NOR"]
[BlackTeam "IND"]
[TimeControl "180+1"]
[WhiteClock "0:02:00"]
[BlackClock "0:00:50"]

1. e4 {[%emt 0:00:02]} e5 {[%emt 0:00:04]} 2. Nf3 {[%emt 0:00:01]} Nc6 {[%emt 0:00:00]} 3. Bb5 {[%emt 0:00:01]} a6 {[%emt 0:00:03]} 4. Ba4 {[%emt 0:00:02]} Nf6 {[%emt 0:00:01]} 5. d3 {[%emt 0:00:01]} d6 {[%emt 0:00:04]} 6. c3 {[%emt 0:00:03]} g6 {[%emt 0:00:02]} 7. O-O {[%emt 0:00:00]} Bg7 {[%emt 0:00:01]} 8. Re1 {[%emt 0:00:02]} O-O {[%emt 0:00:01]} 9. Nbd2 {[%emt 0:00:00]} Re8 {[%emt 0:00:03]} 10. h3 {[%emt 0:00:05]} h6 {[%emt 0:00:03]} ({RR} 10... b5 11. Bc2 Bb7 12. d4 Nb8 13. Rb1 Nbd7 14. d5 c6 15. c4 Qc7 16. b3 Bh6 17. Nf1 Bxc1 18. Rxc1 bxc4 19. bxc4 Nc5 20. N3h2 Bc8 21. Qf3 Qe7 22. dxc6 Be6 23. Ne3 Nh5 24. Nd5 Qg5 25. Rb1 {Morozevich,A (2765)-Ivanchuk,V (2751) Nice 2008 1-0 (50)}) 11. Nf1 {[%emt 0:00:06]} b5 {[%emt 0:00:11]} 12. Bc2 {[%emt 0:00:01]} Rb8 $146 {[%emt 0:00:01]} ({RR} 12... Bb7 13. Ng3 Nb8 14. d4 Nbd7 15. a4 c5 16. d5 c4 17. Be3 Qc7 18. Qd2 Kh7 19. Reb1 Nc5 20. Qe2 Nfd7 21. Nd2 Nb6 22. axb5 axb5 23. b3 cxb3 24. Bxb3 Ba6 25. Qd1 Rec8 26. Ra3 Bb7 27. Rba1 {Abrahamyan,T (2324)-Andersen,M (2479) Reykjavik 2016 ½-½ (44)}) ({RR} 12... d5 13. exd5 Nxd5 14. Bd2 Bb7 15. Qc1 Kh7 16. Ng3 b4 17. Ne4 Bf8 18. Bb3 Na5 19. Ba4 Bc6 20. cxb4 Bxa4 21. bxa5 Bb5 22. Nc5 Qd6 23. b4 Bg7 24. a4 Bc6 25. Qc4 Nf6 26. Rac1 Bd5 27. Qh4 {Zheng,H (2248)-Smietanska,W (2157) Krakow POL 2025 1-0 (96)}) ({RR} 12... d5 13. a4 Be6 14. Ng3 b4 15. a5 dxe4 16. Nxe4 Nxe4 17. dxe4 Qxd1 18. Bxd1 bxc3 19. bxc3 Red8 20. Be2 Ne7 21. Be3 Nc8 22. Nd2 Nd6 23. f3 Nb5 24. Rec1 Bf8 25. Kf2 f5 26. Ke1 f4 27. Bf2 {Carlsen,M (2847)-Muzychuk,A (2535) chess24.com INT 2021 1-0 (38)}) 13. d4 {[%emt 0:00:08]} exd4 {[%emt 0:00:14]} 14. cxd4 {[%emt 0:00:02]} Nb4 {[%emt 0:00:01]} 15. Bb1 {[%emt 0:00:01]} c5 {[%emt 0:00:00]} 16. d5 {[%emt 0:00:01]} a5 {[%emt 0:00:04]} 17. a3 {[%emt 0:00:06]} Na6 {[%emt 0:00:01]} 18. a4 {[%emt 0:00:01]} bxa4 {[%emt 0:00:07]} 19. Qxa4 {[%emt 0:00:06]} Rb4 {[%emt 0:00:07]} 20. Qxa5 {[%emt 0:00:14]} Qxa5 {[%emt 0:00:00]} 21. Rxa5 {[%emt 0:00:00]} Nxe4 {[%emt 0:00:00]} 22. Bd2 {[%emt 0:00:01]} f5 {[%emt 0:01:09]} 23. Bxb4 {[%emt 0:00:02]} Nxb4 {[%emt 0:00:00]} 24. N1d2 {[%emt 0:00:02]} Bxb2 {[%emt 0:00:02]} 25. Bxe4 {[%emt 0:00:06]} fxe4 {[%emt 0:00:00]} 26. Rxe4 {[%emt 0:00:01]} Rf8 {[%emt 0:00:04]} 27. Nc4 {[%emt 0:00:10]} Bg7 {[%emt 0:00:12]} 28. Nxd6 {[%emt 0:00:04]} Bf5 {[%emt 0:00:04]} 29. Nxf5 {[%emt 0:00:01]} 1-0

[Event "July 23 Late 2024"]
[Site "Chess.com"]
[Date "2024.07.23"]
[Round "7.1"]
[White "Bortnyk, Olexandr"]
[Black "Carlsen, Magnus"]
[Result "1-0"]
[WhiteElo "3037"]
[BlackElo "3251"]
[PlyCount "179"]
[EventDate "2024.??.??"]
[WhiteTeam "UKR"]
[BlackTeam "NOR"]
[TimeControl "180+1"]
[WhiteClock "0:00:07"]
[BlackClock "0:00:06"]

1. e4 {[%emt 0:00:02]} c5 {[%emt 0:00:05]} 2. Be2 {[%emt 0:00:02]} Nc6 {[%emt 0:00:03]} 3. f4 {[%emt 0:00:01]} d5 {[%emt 0:00:03]} 4. d3 {[%emt 0:00:02]} Nd4 {[%emt 0:00:14]} 5. Nf3 {[%emt 0:00:10]} Nxe2 {[%emt 0:00:01]} 6. Qxe2 {[%emt 0:00:00]} e6 {[%emt 0:00:01]} 7. Nc3 {[%emt 0:00:06]} Ne7 {[%emt 0:00:03]} 8. O-O {[%emt 0:00:03]} d4 {[%emt 0:00:06]} 9. Nd1 {[%emt 0:00:02]} Nc6 $146 {[%emt 0:00:01]} ({RR} 9... g6 10. Nf2 Bg7 11. g4 h5 12. gxh5 Rxh5 13. Kh1 Bd7 14. Ng4 Qc7 15. Nfe5 Rh7 16. Bd2 f6 17. Nxd7 Qxd7 18. Rae1 O-O-O 19. b4 Rdh8 20. bxc5 f5 21. Ne5 Bxe5 22. fxe5 Rxh2+ 23. Qxh2 Rxh2+ 24. Kxh2 {Kolzenburg,J (1671)-Fieberg,S (2180) Playchess.com INT 2020 0-1 (44)}) 10. Nf2 {[%emt 0:00:07]} Be7 {[%emt 0:00:01]} 11. g4 {[%emt 0:00:09]} f5 {[%emt 0:00:06]} 12. Kh1 {[%emt 0:00:10]} O-O {[%emt 0:00:02]} 13. Rg1 {[%emt 0:00:17]} b6 {[%emt 0:00:02]} 14. Bd2 {[%emt 0:00:05]} Bb7 {[%emt 0:00:01]} 15. exf5 {[%emt 0:00:10]} exf5 {[%emt 0:00:03]} 16. gxf5 {[%emt 0:00:03]} Qd5 {[%emt 0:00:22]} 17. Ne4 {[%emt 0:00:18]} Rxf5 {[%emt 0:00:03]} 18. Rg3 {[%emt 0:00:08]} Raf8 {[%emt 0:00:02]} 19. Rag1 {[%emt 0:00:01]} g6 {[%emt 0:00:16]} 20. Qg2 {[%emt 0:00:02]} Qf7 {[%emt 0:00:18]} 21. h4 {[%emt 0:00:10]} Rh5 {[%emt 0:00:05]} 22. Kh2 {[%emt 0:00:09]} Nd8 {[%emt 0:00:11]} 23. Rg4 {[%emt 0:00:19]} Qf5 {[%emt 0:00:30]} 24. Qh3 {[%emt 0:00:10]} Bc8 {[%emt 0:00:04]} 25. Ne5 {[%emt 0:00:05]} Kh8 {[%emt 0:00:08]} 26. Be1 {[%emt 0:00:12]} Ne6 {[%emt 0:00:08]} 27. Ng3 {[%emt 0:00:03]} Nxf4 {[%emt 0:00:03]} 28. Nxf5 {[%emt 0:00:02]} Nxh3 {[%emt 0:00:02]} 29. Nxe7 {[%emt 0:00:09]} Nxg1 {[%emt 0:00:01]} 30. N5xg6+ {[%emt 0:00:08]} hxg6 {[%emt 0:00:01]} 31. Nxg6+ {[%emt 0:00:00]} Kg7 {[%emt 0:00:02]} 32. Rxg1 {[%emt 0:00:00]} Re8 {[%emt 0:00:21]} 33. Nf4+ {[%emt 0:00:01]} Kh6 {[%emt 0:00:00]} 34. Nxh5 {[%emt 0:00:00]} Kxh5 {[%emt 0:00:01]} 35. Rg5+ {[%emt 0:00:04]} Kh6 {[%emt 0:00:00]} 36. Bd2 {[%emt 0:00:00]} Kh7 {[%emt 0:00:01]} 37. Rg2 {[%emt 0:00:02]} Bb7 {[%emt 0:00:02]} 38. Rf2 {[%emt 0:00:00]} Kg6 {[%emt 0:00:01]} 39. Bg5 {[%emt 0:00:02]} Bd5 {[%emt 0:00:01]} 40. a3 {[%emt 0:00:01]} Re6 {[%emt 0:00:01]} 41. Kg3 {[%emt 0:00:01]} c4 {[%emt 0:00:01]} 42. dxc4 {[%emt 0:00:01]} Bxc4 {[%emt 0:00:00]} 43. Rd2 {[%emt 0:00:02]} Re4 {[%emt 0:00:02]} 44. Kf3 {[%emt 0:00:02]} Bd5 {[%emt 0:00:01]} 45. Kg3 {[%emt 0:00:01]} Kh5 {[%emt 0:00:02]} 46. c3 {[%emt 0:00:01]} Rg4+ {[%emt 0:00:01]} 47. Kh2 {[%emt 0:00:02]} dxc3 {[%emt 0:00:03]} 48. bxc3 {[%emt 0:00:00]} Bc6 {[%emt 0:00:02]} 49. Rd6 {[%emt 0:00:03]} Rc4 {[%emt 0:00:00]} 50. Kg3 {[%emt 0:00:02]} Rxc3+ {[%emt 0:00:01]} 51. Kf4 {[%emt 0:00:00]} Rc4+ {[%emt 0:00:01]} 52. Kf5 {[%emt 0:00:01]} Be4+ {[%emt 0:00:00]} 53. Ke5 {[%emt 0:00:00]} Bc2 {[%emt 0:00:01]} 54. Rh6+ {[%emt 0:00:01]} Kg4 {[%emt 0:00:01]} 55. Rh8 {[%emt 0:00:00]} Ra4 {[%emt 0:00:01]} 56. Be7 {[%emt 0:00:01]} Re4+ {[%emt 0:00:01]} 57. Kd6 {[%emt 0:00:02]} Rd4+ {[%emt 0:00:00]} 58. Kc7 {[%emt 0:00:01]} Rc4+ {[%emt 0:00:01]} 59. Kb7 {[%emt 0:00:01]} Ra4 {[%emt 0:00:01]} 60. Rg8+ {[%emt 0:00:01]} Kh3 {[%emt 0:00:01]} 61. h5 {[%emt 0:00:01]} Be4+ {[%emt 0:00:01]} 62. Kc7 {[%emt 0:00:00]} Ra5 {[%emt 0:00:01]} 63. h6 {[%emt 0:00:02]} Rh5 {[%emt 0:00:00]} 64. Bg5 {[%emt 0:00:00]} Kg4 {[%emt 0:00:01]} 65. Bc1+ {[%emt 0:00:02]} Kf3 {[%emt 0:00:01]} 66. Kb8 {[%emt 0:00:00]} a5 {[%emt 0:00:00]} 67. Ka7 {[%emt 0:00:01]} b5 {[%emt 0:00:01]} 68. Rb8 {[%emt 0:00:03]} b4 {[%emt 0:00:01]} 69. axb4 {[%emt 0:00:00]} axb4 {[%emt 0:00:00]} 70. Rxb4 {[%emt 0:00:01]} Bd3 {[%emt 0:00:02]} 71. Rf4+ {[%emt 0:00:01]} Ke2 {[%emt 0:00:01]} 72. Rf6 {[%emt 0:00:01]} Rc5 {[%emt 0:00:01]} 73. Bf4 {[%emt 0:00:01]} Rb5 {[%emt 0:00:02]} 74. Rd6 {[%emt 0:00:02]} Kf3 {[%emt 0:00:01]} 75. Rxd3+ {[%emt 0:00:01]} Kxf4 {[%emt 0:00:01]} 76. Rh3 {[%emt 0:00:00]} Ra5+ {[%emt 0:00:01]} 77. Kb7 {[%emt 0:00:01]} Rb5+ {[%emt 0:00:00]} 78. Kc7 {[%emt 0:00:00]} Rc5+ {[%emt 0:00:03]} 79. Kd7 {[%emt 0:00:01]} Rd5+ {[%emt 0:00:01]} 80. Ke7 {[%emt 0:00:01]} Re5+ {[%emt 0:00:00]} 81. Kf7 {[%emt 0:00:03]} Rf5+ {[%emt 0:00:01]} 82. Kg7 {[%emt 0:00:00]} Rg5+ {[%emt 0:00:00]} 83. Kf6 {[%emt 0:00:01]} Rf5+ {[%emt 0:00:01]} 84. Ke6 {[%emt 0:00:00]} Re5+ {[%emt 0:00:01]} 85. Kf7 {[%emt 0:00:02]} Rf5+ {[%emt 0:00:00]} 86. Ke7 {[%emt 0:00:00]} Re5+ {[%emt 0:00:01]} 87. Kd6 {[%emt 0:00:00]} Re8 {[%emt 0:00:01]} 88. h7 {[%emt 0:00:00]} Rh8 {[%emt 0:00:01]} 89. Ke6 {[%emt 0:00:00]} Kg5 {[%emt 0:00:02]} 90. Kf7 {[%emt 0:00:01]} 1-0

[Event "July 23 Late 2024"]
[Site "Chess.com"]
[Date "2024.07.23"]
[Round "8.2"]
[White "Carlsen, Magnus"]
[Black "Xiong, Jeffery"]
[Result "1-0"]
[WhiteElo "3239"]
[BlackElo "3081"]
[PlyCount "85"]
[EventDate "2024.??.??"]
[WhiteTeam "NOR"]
[BlackTeam "USA"]
[TimeControl "180+1"]
[WhiteClock "0:00:36"]
[BlackClock "0:00:02"]

1. e4 {[%emt 0:00:02]} e6 {[%emt 0:00:03]} 2. d4 {[%emt 0:00:01]} d5 {[%emt 0:00:00]} 3. exd5 {[%emt 0:00:01]} exd5 {[%emt 0:00:01]} 4. Nf3 {[%emt 0:00:01]} Bd6 {[%emt 0:00:02]} 5. c4 {[%emt 0:00:01]} Nf6 {[%emt 0:00:01]} 6. c5 {[%emt 0:00:01]} Be7 {[%emt 0:00:01]} 7. Qa4+ {[%emt 0:00:04]} c6 {[%emt 0:00:03]} 8. Bd3 {[%emt 0:00:02]} O-O {[%emt 0:00:01]} 9. O-O {[%emt 0:00:01]} Ne4 {[%emt 0:00:01]} 10. Nc3 {[%emt 0:00:03]} f5 {[%emt 0:00:01]} 11. Qc2 $146 {[%emt 0:00:04]} ({RR} 11. Ne5 Bf6 12. f4 Be6 13. Be3 Qe7 14. Rad1 Nd7 15. Nxe4 fxe4 16. Be2 g6 17. b4 a6 18. Qb3 Kg7 19. Qc3 h5 20. a4 Kh7 21. b5 axb5 22. axb5 Bxe5 23. fxe5 Bg4 24. Bxg4 hxg4 25. Qb2 Rxf1+ {Vachier Lagrave,M (2777)-Topalov,V (2736) Hamburg 2019 ½-½}) ({RR} 11. Ne5 Bf6 12. f4 Be6 13. Be3 Nd7 14. Nxe4 dxe4 15. Bc4 Qe7 16. Qb3 Bxc4 17. Qxc4+ Kh8 18. b4 Rad8 19. b5 Nb8 20. a4 Qe8 21. Rab1 Rc8 22. bxc6 Nxc6 23. Rxb7 Na5 24. Nf7+ Kg8 25. Nh6+ Kh8 {Pap,G (2476)-Xiong,J (2645) chess.com INT 2024 ½-½}) 11... Nd7 {[%emt 0:00:06]} 12. b4 {[%emt 0:00:01]} Bf6 {[%emt 0:00:02]} 13. Rb1 {[%emt 0:00:02]} Re8 {[%emt 0:00:13]} 14. Ne2 {[%emt 0:00:02]} g5 {[%emt 0:00:08]} 15. b5 {[%emt 0:00:02]} Nf8 {[%emt 0:00:13]} 16. bxc6 {[%emt 0:00:02]} bxc6 {[%emt 0:00:00]} 17. Ne5 {[%emt 0:00:02]} Bxe5 {[%emt 0:00:12]} 18. dxe5 {[%emt 0:00:00]} Ne6 {[%emt 0:00:01]} 19. f3 {[%emt 0:00:03]} Qa5 {[%emt 0:00:35]} 20. Be3 {[%emt 0:00:07]} N4xc5 {[%emt 0:00:48]} 21. Bxf5 {[%emt 0:00:03]} Ba6 {[%emt 0:00:00]} 22. Bxh7+ {[%emt 0:00:14]} Kh8 {[%emt 0:00:01]} 23. Bf5 {[%emt 0:00:23]} Rf8 {[%emt 0:00:04]} 24. Bxe6 {[%emt 0:00:21]} Nxe6 {[%emt 0:00:00]} 25. Qxc6 {[%emt 0:00:03]} Rae8 {[%emt 0:00:02]} 26. Nd4 {[%emt 0:00:08]} Bxf1 {[%emt 0:00:11]} 27. Nxe6 {[%emt 0:00:02]} Bd3 {[%emt 0:00:00]} 28. Rd1 {[%emt 0:00:15]} Rg8 {[%emt 0:00:20]} 29. Nxg5 {[%emt 0:00:13]} Qa6 {[%emt 0:00:01]} 30. Qxa6 {[%emt 0:00:07]} Bxa6 {[%emt 0:00:01]} 31. Rxd5 {[%emt 0:00:01]} Re7 {[%emt 0:00:05]} 32. e6 {[%emt 0:00:03]} Rb8 {[%emt 0:00:02]} 33. Bd4+ {[%emt 0:00:08]} Kg8 {[%emt 0:00:01]} 34. h4 {[%emt 0:00:01]} Bc4 {[%emt 0:00:01]} 35. Rd6 {[%emt 0:00:01]} Bxa2 {[%emt 0:00:02]} 36. Bf6 {[%emt 0:00:01]} Reb7 {[%emt 0:00:05]} 37. h5 {[%emt 0:00:04]} a5 {[%emt 0:00:03]} 38. h6 {[%emt 0:00:02]} Bb1 {[%emt 0:00:01]} 39. e7 {[%emt 0:00:03]} Re8 {[%emt 0:00:00]} 40. Ra6 {[%emt 0:00:08]} Rb5 {[%emt 0:00:01]} 41. g4 {[%emt 0:00:02]} Bc2 {[%emt 0:00:03]} 42. f4 {[%emt 0:00:01]} a4 {[%emt 0:00:05]} 43. f5 {[%emt 0:00:02]} 1-0

[Event "July 23 Late 2024"]
[Site "Chess.com"]
[Date "2024.07.23"]
[Round "10.5"]
[White "Carlsen, Magnus"]
[Black "Esipenko, Andrey"]
[Result "1-0"]
[WhiteElo "3235"]
[BlackElo "3018"]
[PlyCount "67"]
[EventDate "2024.??.??"]
[WhiteTeam "NOR"]
[BlackTeam "FID"]
[TimeControl "180+1"]
[WhiteClock "0:00:44"]

1. e4 {[%emt 0:00:02]} e5 {[%emt 0:00:02]} 2. Nf3 {[%emt 0:00:00]} Nc6 {[%emt 0:00:01]} 3. Bc4 {[%emt 0:00:01]} Nf6 {[%emt 0:00:01]} 4. d3 {[%emt 0:00:01]} Bc5 {[%emt 0:00:02]} 5. O-O {[%emt 0:00:01]} O-O {[%emt 0:00:02]} 6. h3 {[%emt 0:00:01]} h6 {[%emt 0:00:02]} 7. c3 {[%emt 0:00:04]} d6 {[%emt 0:00:01]} 8. Nbd2 {[%emt 0:00:04]} a5 {[%emt 0:00:06]} 9. Re1 {[%emt 0:00:04]} Be6 {[%emt 0:00:00]} ({RR} 9... Ba7 10. Nf1 Be6 11. Bb5 Ne7 12. d4 exd4 13. Nxd4 Bd7 14. Bd3 Ng6 15. Ng3 Re8 16. a4 c6 17. Bd2 d5 18. exd5 Rxe1+ 19. Qxe1 Nxd5 20. Be4 Bxd4 21. cxd4 Qb6 22. Bxd5 cxd5 23. Bc3 Qc7 24. Qd2 {Tsydypov,Z (2534)-Esipenko,A (2678) Almaty KAZ 2022 ½-½ (31)}) 10. Bxe6 {[%emt 0:00:05]} ({RR} 10. Bb5 Bb6 11. Ba4 Nd7 12. Nf1 f5 13. exf5 Bxf5 14. Ng3 Bh7 15. d4 exd4 16. Bxc6 bxc6 17. cxd4 a4 18. Qe2 Kh8 19. Be3 Nf6 20. Qc4 Nd5 21. Bd2 Qd7 22. Rac1 Ne7 23. a3 Bg8 24. Qd3 Bh7 {Karjakin,S (2752)-Vidit,S (2726) chess24.com INT 2020 1-0 (50)}) ({RR} 10. Bb5 Bb6 11. Nf1 Ne7 12. Ba4 Ng6 13. Ng3 Qc8 14. Be3 Bxe3 15. fxe3 Nh7 16. Qd2 f5 17. exf5 Bxf5 18. Nxf5 Qxf5 19. Rf1 Qh5 20. Bb3+ Kh8 21. Kh2 Ng5 22. Bd1 Nxf3+ 23. Bxf3 Qg5 24. Bxb7 Rab8 {Shitiz Prasad (1804)-Manya Abhishek Drolia (1713) Mumbai IND 2025 1-0 (54)}) 10... fxe6 {[%emt 0:00:02]} 11. Nf1 {[%emt 0:00:01]} a4 $146 {[%emt 0:00:09]} ({RR} 11... Qe8 12. Be3 Bxe3 13. Rxe3 Nh5 14. d4 Qf7 15. Qc2 Qf6 16. Rd1 Rf7 17. Qb3 Rb8 18. Qb5 Kh8 19. Rd2 Kh7 20. dxe5 dxe5 21. g3 Qg6 22. Nxe5 Qg5 23. Rd5 Rxf2 24. Kxf2 exd5 25. Nf3 Rf8 26. exd5 {Ceres,D (2380)-Moroni,L (2584) Forni di Sopra 2022 ½-½ (44)}) 12. Rb1 {[%emt 0:00:07]} b5 {[%emt 0:00:10]} 13. Be3 {[%emt 0:00:06]} Bxe3 {[%emt 0:00:04]} 14. Rxe3 {[%emt 0:00:00]} Qe8 {[%emt 0:00:03]} 15. d4 {[%emt 0:00:02]} Nd7 {[%emt 0:00:07]} 16. Qe2 {[%emt 0:00:06]} Rb8 {[%emt 0:00:07]} 17. Rd1 {[%emt 0:00:03]} Na5 {[%emt 0:00:05]} 18. b3 {[%emt 0:00:25]} axb3 {[%emt 0:00:07]} 19. axb3 {[%emt 0:00:01]} b4 {[%emt 0:00:45]} 20. dxe5 {[%emt 0:00:04]} Nxe5 {[%emt 0:00:01]} 21. Nxe5 {[%emt 0:00:02]} dxe5 {[%emt 0:00:00]} 22. Nd2 {[%emt 0:00:11]} Nc6 {[%emt 0:00:12]} 23. Nf3 {[%emt 0:00:03]} bxc3 {[%emt 0:00:16]} 24. Rxc3 {[%emt 0:00:01]} Rb4 {[%emt 0:00:02]} 25. Qc2 {[%emt 0:00:13]} Nd4 {[%emt 0:00:15]} 26. Nxd4 {[%emt 0:00:02]} exd4 {[%emt 0:00:01]} 27. Rxc7 {[%emt 0:00:01]} e5 {[%emt 0:00:02]} 28. Ra1 {[%emt 0:00:16]} Rb6 {[%emt 0:00:04]} 29. Qc5 {[%emt 0:00:20]} Rbf6 {[%emt 0:00:25]} 30. Raa7 {[%emt 0:00:08]} Rg6 {[%emt 0:00:01]} 31. Re7 {[%emt 0:00:03]} Qb8 {[%emt 0:00:04]} 32. Qxe5 {[%emt 0:00:08]} Qxe5 {[%emt 0:00:04]} 33. Rxe5 {[%emt 0:00:00]} Rc8 {[%emt 0:00:11]} 34. Rd7 {[%emt 0:00:05]} 1-0

[Event "13th Norway Chess 2025"]
[Site "Stavanger NOR"]
[Date "2025.05.27"]
[Round "2.2"]
[White "Nakamura, Hikaru"]
[Black "Carlsen, Magnus"]
[Result "1/2-1/2"]
[WhiteElo "2804"]
[BlackElo "2837"]
[PlyCount "67"]
[EventDate "2025.05.26"]

1. e4 e5 2. Nf3 Nc6 3. Bb5 a6 4. Ba4 Nf6 5. d3 Bc5 6. O-O d6 7. c3 O-O 8. Nbd2 Ba7 9. h3 Ne7 10. Re1 Ng6 11. Nf1 d5 $146 ({RR} 11... Nh5 12. Bg5 f6 13. Be3 Nhf4 14. Bb3+ Kh8 15. d4 f5 16. exf5 Bxf5 17. Ng3 e4 18. Nd2 d5 19. Nxf5 Rxf5 20. Nf1 Rg5 21. Ng3 h5 22. h4 Rg4 23. Qxg4 hxg4 24. h5 Nd3 25. hxg6 Nxe1 26. Rxe1 {Getz,N (2367)-Mikalsen,E (2177) Oslo 2015 0-1 (55)}) ({RR} 11... c6 12. d4 exd4 13. cxd4 d5 14. e5 Ne4 15. Bc2 f5 16. Ng3 Nh4 17. Nh2 c5 18. Ne2 cxd4 19. Bd3 Nxg2 20. Kxg2 Qh4 21. Rf1 f4 22. Ng1 Bxh3+ 23. Nxh3 f3+ 24. Nxf3 Qg4+ 25. Kh2 Rxf3 26. Qxf3 {Pranav,V (2597)-Wei Yi (2722) chess.com INT 2023 0-1}) ({RR} 11... c6 12. Ng3 d5 13. exd5 Nxd5 14. d4 exd4 15. Nxd4 Re8 16. Rxe8+ Qxe8 17. Bb3 Qe5 18. Qd3 Qe1+ 19. Qf1 Qxf1+ 20. Kxf1 Bxd4 21. cxd4 Be6 22. Ne4 b6 23. Ng5 Bd7 24. Bd2 h6 25. Bxd5 cxd5 26. Nf3 {Kevlishvili,R (2536)-Bruzon Batista,L (2559) Saint Louis USA 2025 ½-½ (42)}) ({RR} 11... c6 12. Ng3 d5 13. exd5 Nxd5 14. d4 exd4 15. Nxd4 Qc7 16. Bc2 Bd7 17. c4 Ndf4 18. Be3 c5 19. Ndf5 Rad8 20. Qg4 Bc6 21. Bxf4 Qxf4 22. Ne7+ Kh8 23. Qxf4 Nxf4 24. Nxc6 bxc6 25. Rad1 Ne6 26. Be4 {Gheng,D (2068)-Lehmann,S (1989) Deizisau 2019 ½-½ (41)}) ({RR} 11... Nh5 12. d4 Nhf4 13. Ng3 Qf6 14. Nh5 Qe7 15. Bxf4 Nxf4 16. Nxf4 exf4 17. Qd2 Qf6 18. e5 dxe5 19. Nxe5 f3 20. Nxf3 Bxh3 21. Qg5 Be6 22. Qxf6 gxf6 23. b4 c6 24. Nd2 a5 25. a3 axb4 26. axb4 {Stoleriu,G (2392)-Cosma,I (2367) Geoagiu Bai ROU 2022 1-0 (67)}) ({RR} 11... b5 12. Bc2 Re8 13. d4 Bb7 14. Ng3 Nf4 15. b3 h6 16. d5 Bc8 17. Be3 Bd7 18. Bxa7 Rxa7 19. c4 c6 20. Qd2 Nh7 21. Rad1 c5 22. Kh2 b4 23. Ne2 Ng6 24. Rf1 a5 25. g3 a4 26. h4 {Krutko,A (2397)-Putri,R (1897) Chess.com INT 2022 0-1 (69)}) ({RR} 11... c6 12. d4 exd4 13. cxd4 d5 14. e5 Ne4 15. Bc2 f5 16. Ng3 Nh4 17. Nh2 c5 18. Ne2 cxd4 19. Bd3 Nxg2 20. Kxg2 Qh4 21. Rf1 f4 22. Ng1 Bxh3+ 23. Nxh3 f3+ 24. Nxf3 Qg4+ 25. Kh2 Rxf3 26. Qxf3 {Pranav,V (2597)-Wei Yi (2722) chess.com INT 2023 0-1}) ({RR} 11... c6 12. Ng3 d5 13. Bg5 h6 14. Be3 Bxe3 15. Rxe3 dxe4 16. dxe4 Be6 17. Bb3 Qxd1+ 18. Rxd1 Rfd8 19. Red3 Rxd3 20. Rxd3 Kf8 21. Bxe6 fxe6 22. Nd2 Nf4 23. Re3 Rd8 24. Nc4 Rd1+ 25. Kh2 Nd7 26. Ne2 {Urazayev,A (2467)-Makarian,R (2547) chess.com INT 2025 ½-½ (40)}) 12. exd5 Nxd5 13. d4 exd4 14. Nxd4 c5 15. Nf3 b5 16. Bc2 Bb7 17. a4 c4 18. Bd2 Qc7 19. Nd4 b4 20. Qg4 Rae8 21. Rad1 bxc3 22. bxc3 Nf6 23. Qg3 Qa5 24. Qg5 Qxg5 25. Bxg5 Ne4 26. Bxe4 Bxe4 27. Nd2 Bd5 28. Nc2 Rxe1+ 29. Rxe1 Rc8 30. Nb4 Bb7 31. Ne4 a5 32. Nd6 Rb8 33. Nc2 Bc6 34. Be3 1/2-1/2